Agricultural sustainability : Definition and implications for agricultural and trade policy
The notion of sustainability has been developing for some time in both economics and ecology literature. Much of the economics of renewable resource has been concerned with sustainable yields,...
Zapisane w:
| 1. autor: | |
|---|---|
| Format: | Książka |
| Język: | Undetermined |
| Wydane: |
Rome
FAO
1992
|
| Hasła przedmiotowe: | |
| Etykiety: |
Dodaj etykietę
Nie ma etykietki, Dołącz pierwszą etykiete!
|
| Thư viện lưu trữ: | Trung tâm Học liệu Trường Đại học Cần Thơ |
|---|
| LEADER | 00826nam a2200205Ia 4500 | ||
|---|---|---|---|
| 001 | CTU_142812 | ||
| 008 | 210402s9999 xx 000 0 und d | ||
| 082 | |a 330 | ||
| 082 | |b Y58 | ||
| 100 | |a Yong, T. | ||
| 245 | 0 | |a Agricultural sustainability : | |
| 245 | 0 | |b Definition and implications for agricultural and trade policy | |
| 245 | 0 | |c T. Yong and M. P. Burton | |
| 260 | |a Rome | ||
| 260 | |b FAO | ||
| 260 | |c 1992 | ||
| 520 | |a The notion of sustainability has been developing for some time in both economics and ecology literature. Much of the economics of renewable resource has been concerned with sustainable yields,... | ||
| 650 | |a Sustainable agriculture,Natural resources,Agriculture and state,Nông nghiệp bền vững | ||
| 904 | |i Năm | ||
| 980 | |a Trung tâm Học liệu Trường Đại học Cần Thơ | ||